[Event "Heraklion op 16th"]
[Site "Heraklion"]
[Date "2016.01.03"]
[Round "1"]
[White "Theodorou, Nikolas"]
[Black "Koziris, Ilias"]
[Result "1-0"]
[WhiteElo "2439"]
[BlackElo "1260"]
[PlyCount "39"]
[EventDate "2016.01.03"]
[EventType "swiss"]
[EventRounds "9"]
[EventCountry "GRE"]
[SourceTitle "EXT 2024"]
[Source "ChessBase"]
[SourceDate "2023.10.10"]
[SourceVersion "1"]
[SourceVersionDate "2023.10.10"]
[SourceQuality "1"]

1. Nf3 Nf6 2. c4 c5 3. Nc3 Nc6 4. e3 b6 5. d4 cxd4 6. exd4 e6 7. d5 exd5 8. cxd5 Qe7+ 9. Be2 Ne5 10. 0-0 Nxf3+ 11. Bxf3 Qd6 12. Re1+ Kd8 13. Bg5 h6 14. Ne4 Qb8 15. Nxf6 d6 16. Re8+ Kc7 17. Qc1+ Kb7 18. Qc6+ Ka6 19. b4 hxg5 20. Be2# 1-0

[Event "Heraklion Gazi op 11th"]
[Site "Heraklion"]
[Date "2015.07.28"]
[Round "5"]
[White "Koziris, Ilias"]
[Black "Tolias, Fotis"]
[Result "0-1"]
[WhiteElo "1137"]
[BlackElo "1829"]
[PlyCount "68"]
[EventDate "2015.07.25"]
[EventType "swiss"]
[EventRounds "9"]
[EventCountry "GRE"]
[SourceTitle "CBM 167 Extra"]
[Source "ChessBase"]
[SourceDate "2015.09.14"]
[SourceVersion "1"]
[SourceVersionDate "2015.09.14"]
[SourceQuality "1"]

1. e4 c5 2. Nf3 d6 3. d4 cxd4 4. Nxd4 Nf6 5. Nc3 g6 6. g3 Bd7 7. Bg2 Nc6 8. Nf3 Bg7 9. 0-0 0-0 10. Re1 Ng4 11. h3 Nge5 12. b3 Nxf3+ 13. Qxf3 Qc8 14. Bb2 Bxh3 15. Bh1 Rb8 16. Qd3 Nb4 17. Qd2 b5 18. Nd5 Nxd5 19. Bxg7 Kxg7 20. exd5 Qc7 21. Qd4+ Kg8 22. Qh4 Bf5 23. Qxe7 Qxe7 24. Rxe7 a5 25. Be4 Bxe4 26. Rxe4 Rfe8 27. Rae1 Rxe4 28. Rxe4 Rc8 29. Re2 Rc5 30. Rd2 Kg7 31. f4 h5 32. Kg2 Kf6 33. Kf3 Kf5 34. Rh2 Rc3+ 0-1